| 000 | 00915nam a22002657a 4500 | ||
|---|---|---|---|
| 005 | 20240530110523.0 | ||
| 008 | 160222s2012 ua ak g 000 0dara d | ||
| 017 |
_a2011/17115 _bمصر . دار الكتب المصرية |
||
| 020 | _a9789773504289 | ||
| 040 | _aEG-CaGPL | ||
| 082 | 0 | 4 |
_221 _a160\ _bر م |
| 100 | 1 | _aرور ، مارى لويز | |
| 245 | 1 | 0 |
_aمبادئ المنطق المعاصر / _cتاليف مارى لويز رور ؛ ترجمة محمود يعقوبى |
| 250 | _aط1 | ||
| 260 |
_aالقاهرة : _bدار الكتاب الحديث ، _c2012 . |
||
| 300 |
_a111 ص : _bايض ؛ _c24 سم . |
||
| 650 | 0 | 4 | _aالمنطق |
| 650 | 0 | 4 | _aالاحتمالية |
| 650 | 0 | 4 | _aالاستدلال |
| 650 | 0 | 4 | _aالاستقراء |
| 650 | 0 | 4 | _aالتفكير |
| 700 | 0 |
_aمحمود يعقوبى _eمترجم |
|
| 942 |
_2ddc _cBK |
||
| 999 |
_c61927 _d61927 |
||